| 000 | 00000nam##2200000za#4500 |
| 001 | 9.589723 |
| 003 | CaOODSP |
| 005 | 20210624195802 |
| 007 | cr ||||||||||| |
| 008 | 150406|1983||||xxc|||||o f|0| 0 eng|d |
| 022 | |a1488-5379 |
| 040 | |aCaOODSP|beng |
| 041 | |aeng |
| 041 | |afre |
| 043 | |an-cn--- |
| 086 | 1 |aFs97-6/1151-PDF |
| 110 | 1 |aCanada. |bDepartment of Fisheries and Oceans. |
| 245 | 10|aProceedings of the Eighth Annual Aquatic Toxicity Workshop, November 2-4, 1981, Guelph, Ontario / |h[electronic resource]|cEditors, N.K. Kaushik and K.R. Solomon. |
| 260 | |aOttawa - Ontario : |bFisheries and Oceans Canada |c1983. |
| 300 | |a270p.|bfigs., references, tables |
| 490 | 1 |aCanadian technical report of fisheries and aquatic sciences|x1488-5379|vNo. 1151 |
| 500 | |aOn t.p. : Fish Habitat Management Branch, Ottawa, Ontario. Text in English and French in parallel columns. Catalogue number and ISSN of the print edition appear in the PDF version. |
| 590 | |a13-27-Supp|b2013-11-15 |
| 792 | |tCompte-rendu des communications du huitième atelier annuel sur la toxicité aquatique, du 2 au 4 novembre 1981 Guelph (Ontario) / |efre|w(CaOODSP)9.589724 |
| 830 | #0|aCanadian technical report of fisheries and aquatic sciences,|x1488-5379|vNo. 1151|w(CaOODSP)9.500269 |
| 856 | 40|ahttp://publications.gc.ca|qPDF|s11,719 KB|uhttps://publications.gc.ca/collections/collection_2013/mpo-dfo/Fs97-6-1151.pdf|yNo. 1151 |